[Event "Gausdal Int"]
[Site "Gausdal"]
[Date "1993.??.??"]
[Round "5"]
[White "Djurhuus, Rune"]
[Black "Baum, Bernd"]
[Result "1-0"]
[WhiteElo "2460"]
[BlackElo "2305"]

1.d4 d5 2.c4 c6 3.Nf3 Nf6 4.Nc3 e6 5.e3 Nbd7 6.Qc2 Bd6 7.g4 dxc4 8.g5 Nd5
9.Bxc4 b5 10.Be2 Bb7 11.Bd2 a6 12.Ne4 Be7 13.h4 Rc8 14.Nc5 Bxc5 15.dxc5 e5
16.Bd3 Qe7 17.Bf5 Ra8 18.Bxd7+ Qxd7 19.Nxe5 Qe7 20.Nf3 a5 21.Nd4 O-O 22.Nf5 Qe5
23.Nd6 Bc8 24.Bc3 Nxe3 25.fxe3 Qxe3+ 26.Qe2 Qxc5 27.Qe5 Qxe5+ 28.Bxe5 Be6
29.a3 Bd5 30.O-O Ra7 31.Rae1 Rd7 32.Nf5 Re8 33.Bxg7 Rxe1 34.Rxe1 Be6 35.Bf6 c5
36.Ng7  1-0

[Event "Troll Masters"]
[Site "Gausdal"]
[Date "1993.??.??"]
[Round "5"]
[White "Grivas, Efstratios"]
[Black "Koskinen, Henri"]
[Result "1-0"]
[WhiteElo "2485"]
[BlackElo "2240"]

1.d4 d5 2.c4 c6 3.Nf3 Nf6 4.e3 e6 5.Nc3 Nbd7 6.Qc2 Bd6 7.Be2 O-O 8.O-O Re8
9.Rd1 Qe7 10.b3 b6 11.e4 dxe4 12.Nxe4 Nxe4 13.Qxe4 Bb7 14.Bf4 Bxf4 15.Qxf4 e5
16.Nxe5 Nxe5 17.Qxe5 Qxe5 18.dxe5 Rxe5 19.Bf3 Rae8 20.h3 Kf8 21.b4 R5e7 22.c5 Re5
23.Rac1 bxc5 24.bxc5 Ke7 25.Rd4 Rd8 26.Ra4 a6 27.Rb4 Rd7 28.Rc2 Rc7 29.Rb6 Re1+
30.Kh2 Re5 31.Be2 a5 32.Ba6 Bc8 33.Bxc8 Rxc8 34.Ra6 Ke6 35.Rxa5 Rc7 36.Ra8 Rd5
37.Re8+ Kf6 38.Ra8 Ke6 39.Ra6 Rdd7 40.Rb6 Kd5 41.Rb3 Ra7 42.Re3 Rdc7 43.Rd3+ Ke4
44.Rd6 f6 45.Rc4+ Kf5 46.a4 Ra6 47.g4+ Kg6 48.h4 h6 49.Kg3 Re7 50.h5+ Kf7
51.Kf4 Re5 52.Rd7+ Kf8 53.Rc7 Re7 54.Rxe7 Kxe7 55.Kf5 Ra7 56.f4 Kf7 57.Rd4 Ke7
58.Kg6 Ke8 59.a5 Kf8 60.Ra4 Ra6 61.Ra2 Kg8 62.Rb2 Kf8 63.Rb7 Rxa5 64.Rxg7 Rxc5
65.Rf7+ Ke8 66.Rxf6  1-0

[Event "Arnold Cup"]
[Site "Gausdal"]
[Date "1993.??.??"]
[Round "6"]
[White "Gausel, Einar"]
[Black "Skembris, Spyridon"]
[Result "1/2-1/2"]
[WhiteElo "2485"]
[BlackElo "2560"]

1.Nf3 Nf6 2.c4 e6 3.Nc3 d5 4.d4 c6 5.e3 Nbd7 6.Qc2 Bd6 7.Be2 O-O 8.O-O Re8
9.Rd1 Qe7 10.b3 h6 11.Bb2 dxc4 12.bxc4 e5  1/2-1/2

[Event "Peer Gynt"]
[Site "Gausdal"]
[Date "1993.??.??"]
[Round "8"]
[White "Engqvist, Thomas"]
[Black "Baum, Bernd"]
[Result "1-0"]
[WhiteElo "2420"]
[BlackElo "2305"]

1.d4 d5 2.c4 c6 3.Nc3 Nf6 4.e3 e6 5.Nf3 Nbd7 6.Qc2 Bd6 7.Be2 O-O 8.O-O Re8
9.Rd1 Qe7 10.Bd2 dxc4 11.Bxc4 e5 12.Ng5 Rf8 13.a3 h6 14.Nge4 Bc7 15.Ba2 Nb6
16.Nxf6+ Qxf6 17.Bb1 g6 18.Ne4 Qh4 19.Bb4 Rd8 20.g3 Qh3 21.Be7 Be6 22.Bxd8 Rxd8
23.Ba2 Nd5 24.Bxd5 Rxd5 25.Nf6+ Kh8 26.Nxd5 Bxd5 27.e4 Be6 28.Qc5 Kg7 29.Qxa7 Bg4
30.Rd3 Be2 31.Re3 Ba6 32.Qc5 Qd7 33.dxe5 Qe8 34.f4 Qd8 35.Qc3 Bb6 36.Kg2 Bxe3
37.Qxe3 Qa5 38.Qd4 Qb5 39.e6+ Kf8 40.exf7  1-0

[Event "Peer Gynt"]
[Site "Gausdal"]
[Date "1993.??.??"]
[Round "9"]
[White "Engqvist, Thomas"]
[Black "Savchenko, Stanislav"]
[Result "1/2-1/2"]
[WhiteElo "2420"]
[BlackElo "2530"]

1.d4 d5 2.c4 c6 3.Nc3 Nf6 4.e3 e6 5.Nf3 Nbd7 6.Qc2 Bd6 7.Be2 O-O 8.O-O b6
9.e4 Nxe4 10.Nxe4 dxe4 11.Qxe4 Bb7 12.Rd1  1/2-1/2

[Event "Geneve op"]
[Site "Geneve"]
[Date "1993.??.??"]
[Round "5"]
[White "Epishin, Vladimir"]
[Black "Atlas, Dimitry"]
[Result "1-0"]
[WhiteElo "2620"]
[BlackElo "2310"]

1.d4 d5 2.c4 c6 3.Nc3 Nf6 4.e3 e6 5.Nf3 Nbd7 6.Qc2 Bd6 7.Be2 O-O 8.O-O Re8
9.Rd1 Qe7 10.h3 h6 11.a3 b6 12.b4 dxc4 13.Bxc4 Bb7 14.e4 Bb8 15.Be3 a5 16.Rab1 axb4
17.axb4 Ba7 18.e5 Nd5 19.Nxd5 exd5 20.Bd3 Nf8 21.b5 c5 22.Bf5 Ne6 23.Qd2 Qf8
24.Rdc1 Rac8 25.Rc3 Bb8 26.Rbc1 cxd4 27.Bxd4 Rxc3 28.Rxc3 Nc5 29.Qc1 Qe7
30.Qa3 Ne4 31.Qxe7 Rxe7 32.Rc1 Rc7 33.Ra1 Nc5 34.Rd1 Re7 35.Bb1 Bc7 36.Ba2 Ne6
37.Be3 Rd7 38.Bb3 Nc5 39.Bc2 Re7 40.Bd4 Ne6 41.Be3 Nc5 42.Re1 Re8 43.h4 Ra8
44.Rc1 Re8 45.Bd4 Re7 46.Ra1 Ne6 47.Bb2 Nc5 48.Ra3 Kf8 49.Bd4 Kg8 50.Bf5 Ne4
51.h5 Nc5 52.g4 Ne4 53.Kf1 Nc5 54.Ke2 Ne4 55.Kd1 Nc5 56.Kc2 Ne4 57.Ra1 Nc5
58.Kb2 Ne4 59.Kb3 Nc5+ 60.Kb4 Ne6 61.Bxe6 fxe6 62.Nh4 Kf7 63.Ng6 Rd7 64.f4 Bd8
65.Kb3 Ke8 66.f5 Rf7 67.Ra7 Bc8 68.Ra8 Bb7 69.Rb8  1-0

[Event "Bundesliga 9293"]
[Site "Germany"]
[Date "1993.??.??"]
[Round "?"]
[White "Beilfuss, Wilfried"]
[Black "Schmidt, Bodo"]
[Result "1/2-1/2"]
[WhiteElo "2235"]
[BlackElo "2340"]

1.c4 c6 2.d4 d5 3.Nc3 Nf6 4.e3 e6 5.Nf3 Nbd7 6.Bd3 Be7 7.O-O O-O 8.e4 dxe4
9.Nxe4 c5 10.Nxc5 Nxc5 11.dxc5 Qc7 12.Qe2 Qxc5 13.b3 Qh5 14.Bb2 b6 15.Ne5 Bb7
16.Rad1 Rfd8 17.f3 Bc5+ 18.Kh1 Rd6 19.Bc2 Qh4 20.g3 Qh5 21.Kg2 Rad8 22.Rxd6 Rxd6
23.h3 Bd4 24.Rd1 Qxe5 25.Qxe5 Bxe5 26.Bxe5 Rxd1 27.Bxd1 Nd7 28.Bc3 f6 29.Kf2 Kf7
30.Ke3 e5 31.f4 Ke6  1/2-1/2

[Event "Bundesliga 9293"]
[Site "Germany"]
[Date "1993.??.??"]
[Round "?"]
[White "Andresen, Steffen"]
[Black "Thinius, Marco"]
[Result "0-1"]
[WhiteElo "2340"]
[BlackElo "2330"]

1.d4 d5 2.c4 c6 3.Nf3 Nf6 4.Nc3 e6 5.e3 Nbd7 6.Bd3 dxc4 7.Bxc4 b5 8.Bd3 Bb7
9.e4 b4 10.Na4 c5 11.e5 Nd5 12.Nxc5 Nxc5 13.dxc5 Bxc5 14.O-O h6 15.Qe2 Qb6
16.Bd2 g6 17.Rac1 Kf8 18.h4 Kg7 19.Rc2 Rac8 20.Rfc1 Ne7 21.h5 Nf5 22.Bxf5 gxf5
23.Ne1 Rhd8 24.Bf4 Kh7 25.Kh2 a5 26.Bxh6 Bxf2 27.Rxc8 Bxc8 28.Nd3 Bd4 29.Bg5 Rg8
30.Bf6 Bb7 31.g3 Rg4 32.Nf4 Bf2 33.Bh4 Be3 34.Bd8 Qd4 35.Rd1 Qe4 36.Kh3 Rxg3+
37.Kxg3 Bxf4+ 38.Kf2 Bg3+ 39.Kxg3 Qxe2 40.Rg1 Qd3+  0-1

[Event "Bundesliga 9293"]
[Site "Germany"]
[Date "1993.??.??"]
[Round "?"]
[White "Bischoff, Klaus"]
[Black "Schlemmermeyer, Wilhelm"]
[Result "1-0"]
[WhiteElo "2510"]
[BlackElo "2335"]

1.d4 Nf6 2.c4 e6 3.Nf3 d5 4.Nc3 c6 5.e3 Nbd7 6.Qc2 Bd6 7.Be2 O-O 8.b3 dxc4
9.bxc4 e5 10.O-O Re8 11.Rd1 Qe7 12.Rb1 b6 13.a4 e4 14.Nd2 Nf8 15.a5 Ng6 16.Nf1 Nh4
17.Ng3 bxa5 18.c5 Bc7 19.Qa4 Bd7 20.Rb7 Rac8 21.Bd2 Qe6 22.Qc4 Nd5 23.Ncxe4 Nxg2
24.Rxc7 Rxc7 25.Kxg2 f5 26.Nd6 f4 27.exf4 Qh3+ 28.Kg1 Re6 29.f5  1-0

[Event "Bundesliga 9293"]
[Site "Germany"]
[Date "1993.??.??"]
[Round "?"]
[White "Dokhoian, Yury"]
[Black "Bangiev, Alexander"]
[Result "1/2-1/2"]
[WhiteElo "2510"]
[BlackElo "2395"]

1.d4 d5 2.c4 c6 3.Nc3 Nf6 4.e3 e6 5.Nf3 Nbd7 6.Qc2 Bd6 7.Be2 O-O 8.O-O Qe7
9.Rd1 Re8 10.a3 b6 11.e4 Nxe4 12.Nxe4 dxe4 13.Qxe4 Bb7 14.Bf4 Bxf4 15.Qxf4 c5
16.Qc7 Rab8 17.Ne5 Nxe5 18.Qxe7 Nf3+ 19.gxf3 Rxe7 20.dxc5 bxc5 21.b4 Kf8
22.Rd2 Rc7 23.f4 Ke7 24.f3 Rd8 25.Rxd8 Kxd8 26.Kf2 Rd7 27.Ke3 Kc7 28.Rg1 f6
29.h4 Kb6 30.Rb1 h6 31.Bf1 Bc6 32.Bh3 Re7 33.Rd1 Rd7 34.Re1 Re7 35.Kf2 e5
36.Bf5 Be8 37.fxe5 Rxe5 38.Rxe5 fxe5 39.Be6 cxb4 40.axb4 a5 41.bxa5+ Kxa5
42.Ke3 Bg6 43.f4 exf4+ 44.Kxf4 Kb4 45.Ke5 Kc5  1/2-1/2

[Event "Bundesliga 9293"]
[Site "Germany"]
[Date "1993.??.??"]
[Round "?"]
[White "Fahnenschmidt, Gerhard"]
[Black "Borik, Otto"]
[Result "0-1"]
[WhiteElo "2365"]
[BlackElo "2390"]

1.Nf3 d5 2.d4 c6 3.c4 Nf6 4.Nc3 e6 5.e3 Nbd7 6.Qc2 Bd6 7.Be2 O-O 8.O-O Re8
9.b3 Qc7 10.Bb2 e5 11.cxd5 e4 12.Ne1 Bxh2+ 13.Kh1 cxd5 14.g3 Bxg3 15.fxg3 Qxg3
16.Ng2 Nb6 17.Rxf6 gxf6 18.Qd2 Kh8 19.Qe1 Qh3+ 20.Kg1 Rg8 21.Qf2 Rg6 22.Bf1 Rh6
23.Qf4 Bg4 24.Kf2 Rg8 25.Nxe4 dxe4 26.Qxe4 Be6 27.Qf3 Qxf3+ 28.Kxf3 Rh3+
29.Kf2 Bd5 30.Re1 Rf3+ 31.Ke2 Rxf1  0-1

[Event "Bundesliga 9293"]
[Site "Germany"]
[Date "1993.??.??"]
[Round "?"]
[White "Breutigam, Martin"]
[Black "Thesing, Matthias"]
[Result "0-1"]
[WhiteElo "2320"]
[BlackElo "2385"]

1.d4 d5 2.c4 e6 3.Nf3 c6 4.e3 Nf6 5.Nc3 Nbd7 6.Qc2 Be7 7.b3 b6 8.Be2 Bb7
9.O-O O-O 10.Bb2 Rc8 11.Rad1 Qc7 12.Qb1 Rfd8 13.h3 h6 14.Kh1 Qb8 15.Ne5 c5
16.f4 Qa8 17.Bf3 Ne4 18.Nxe4 dxe4 19.Bh5 Nxe5 20.dxe5 Rd3 21.Qc1 Rcd8 22.Be2 Rxd1
23.Rxd1 Rxd1+ 24.Qxd1 Qd8 25.Kh2 Qxd1 26.Bxd1 f5 27.exf6 Bxf6 28.Be5 Bxe5
29.fxe5 Kf7 30.Kg3 Bc6 31.h4 a6 32.Kf4 b5 33.cxb5 axb5 34.Be2 b4 35.g3 Bd5
36.Bf1 Ke7 37.Bg2 c4 38.Bxe4 g5+ 39.hxg5 hxg5+ 40.Kxg5 cxb3 41.Bb1  0-1

[Event "Oberliga Nord O9293"]
[Site "Germany"]
[Date "1993.??.??"]
[Round "?"]
[White "Tyrtania, Maximilian"]
[Black "Baumbach, Friedrich"]
[Result "1/2-1/2"]
[WhiteElo "2245"]
[BlackElo "2345"]

1.c4 e6 2.Nc3 d5 3.d4 Nf6 4.Nf3 c6 5.e3 Nbd7 6.Qc2 Bd6 7.Be2 O-O 8.O-O dxc4
9.Bxc4 e5 10.h3 Qe7 11.a3 b6 12.e4 Bb7 13.Bg5 h6 14.Be3 Nh5 15.Rfe1 Qf6 16.Rad1 Rad8
17.Ne2 Rfe8 18.Rd2 exd4 19.Bxd4 Ne5 20.Nxe5 Bxe5 21.Bxe5 Qxe5 22.Red1 Rxd2
23.Rxd2 Nf6 24.f3 Kf8 25.Nd4 g6 26.Qa4 Qc5 27.Qb4 Qxb4 28.axb4 Ke7 29.e5 Nd7
30.f4 c5 31.Nb5 Ba6 32.Bf1 Bxb5 33.Bxb5 Rd8 34.bxc5 Nxc5 35.Rxd8 Kxd8 36.Kf2 Ke7
37.Ke3 f6 38.b4 Ne6 39.g3 a5 40.bxa5 bxa5 41.Bc6 g5 42.Bb5  1/2-1/2

[Event "BL2-W9293"]
[Site "Germany"]
[Date "1993.??.??"]
[Round "?"]
[White "Buscher, Michael"]
[Black "Schoebel, Wolfgang"]
[Result "1-0"]
[WhiteElo "2275"]
[BlackElo "2210"]

1.c4 c6 2.Nf3 d5 3.d4 Nf6 4.Nc3 e6 5.e3 Nbd7 6.Qc2 Bd6 7.b3 O-O 8.Be2 Qe7
9.Bb2 dxc4 10.bxc4 e5 11.O-O e4 12.Nd2 Re8 13.Rfe1 Nf8 14.f3 exf3 15.Bxf3 Ne6
16.Nce4 Nxe4 17.Nxe4 Bb4 18.Bc3 Bxc3 19.Qxc3 Ng5 20.Nxg5 Qxg5 21.Rab1 Re7
22.Qa3 Rc7 23.g3 h5 24.Qd6 Rd7 25.Qf4 Qxf4 26.gxf4 g6 27.Kf2 Rc7 28.Rg1 Be6
29.Rbc1 Rd8 30.Bxh5 Re7 31.Bf3 Kg7 32.h4 Kf6 33.Rg5 Bf5 34.h5 gxh5 35.Rxh5 Rde8
36.Rc3 Rd8 37.Ra3 Rde8 38.Rh6+ Bg6 39.Rh1 Be4 40.Bxe4 Rxe4 41.Rh5 a6 42.Rb3 R4e7
43.Re5 Rb8 44.Kf3 Rd7 45.Rb6 Kg7 46.Rg5+ Kf8 47.a4 Ke7 48.Rg1 Kd6 49.c5+ Kc7
50.a5 Re8 51.Rb2 Rh8 52.Rbg2 Rh3+ 53.Rg3 Rh2 54.R1g2 Rh1 55.Rg1 Rh2 56.Rg8 Re7
57.R1g7 Rh3+ 58.Rg3 Rh2 59.Rf8 Kd7 60.f5 Rh7 61.Rgg8 Rh3+ 62.Kg4  1-0

[Event "GER CupT"]
[Site "Germany"]
[Date "1993.??.??"]
[Round "?"]
[White "Vaganian, Rafael A"]
[Black "Bauer, Reinhard"]
[Result "1/2-1/2"]
[WhiteElo "2615"]
[BlackElo "2310"]

1.Nf3 d5 2.d4 Nf6 3.c4 e6 4.Nc3 c6 5.e3 Be7 6.Bd3 O-O 7.O-O b6 8.e4 dxe4
9.Nxe4 Nbd7 10.Bf4 Nxe4 11.Bxe4 Bb7 12.Qe2 Re8 13.Rad1 Qc8 14.Bc2 a5 15.Ng5 Nf6
16.Be5 h6 17.Nh3 c5 18.Nf4 cxd4 19.Rfe1 Qc6 20.Qd3 Red8 21.Nd5 Kf8 22.Bxf6 Bxf6
23.Qh7 Rxd5 24.cxd5 Qxd5 25.Be4 Qd7 26.Bxb7 Qxb7 27.Rc1 Rd8 28.Red1 Ke7 29.Rc4 Rd7
30.Qd3 Kf8 31.Qh7 Ke7 32.b3 Qd5 33.Qg8 d3 34.Rc8 Bb2 35.h4 b5 36.Rd2 Be5
37.g3 b4 38.Qf8+ Kf6 39.Qc5 Qe4 40.Qc1 Bc3 41.Rxc3 bxc3 42.Qxc3+ Qe5 43.Rxd3  1/2-1/2

[Event "Bundesliga 9293"]
[Site "Germany"]
[Date "1993.??.??"]
[Round "?"]
[White "Gabriel, Christian"]
[Black "Zysk, Robert"]
[Result "1-0"]
[WhiteElo "2490"]
[BlackElo "2440"]

1.d4 d5 2.c4 e6 3.Nf3 Nf6 4.Nc3 c6 5.e3 Nbd7 6.Bd3 dxc4 7.Bxc4 b5 8.Bb3 b4
9.Na4 Bb7 10.O-O c5 11.Bd2 cxd4 12.Nxd4 Ne4 13.Rc1 Rc8 14.Rxc8 Qxc8 15.f3 Nef6
16.Re1 Ba6 17.Qc1 Qb7 18.Rd1 e5 19.Nc6 Be7 20.Nxe7  1-0

[Event "Bundesliga 9293"]
[Site "Germany"]
[Date "1993.??.??"]
[Round "?"]
[White "Gruenberg, Hans Ulrich"]
[Black "Schlemmermeyer, Wilhelm"]
[Result "1/2-1/2"]
[WhiteElo "2495"]
[BlackElo "2335"]

1.d4 d5 2.c4 c6 3.Nc3 Nf6 4.e3 e6 5.Nf3 Nbd7 6.Qc2 Bd6 7.Be2 O-O 8.O-O e5
9.cxd5 cxd5 10.dxe5 Nxe5 11.Rd1 Nxf3+ 12.Bxf3 Qc7 13.h3 Bh2+ 14.Kh1 Be5 15.Bd2 Be6
16.Rac1 Rac8 17.Qd3 Qd7 18.Kg1 Rfd8 19.Qe2 a6 20.Be1 b5 21.a3 d4 22.exd4 Bxd4
23.Ne4 Rxc1 24.Rxc1 Bc4 25.Qc2 Qe6 26.Ba5 Nxe4 27.Bxe4 Re8 28.Re1 g6 29.Bf3 Qxe1+
30.Bxe1 Rxe1+ 31.Kh2 Rf1 32.Qe4 Bxb2 33.a4 Kg7 34.axb5 axb5 35.Qe3 Bf6 36.g3 h5
37.Qd2 Ra1 38.Kg2 Ra2 39.Qd6 Rb2 40.g4 hxg4 41.hxg4 Bc3 42.Be4 Be6 43.Bxg6 Rd2
44.Qc5 Bd4 45.Qb4 Rxf2+ 46.Kg3 Bc4 47.Bd3 Rb2 48.Qd6 Bf2+ 49.Kf3 Rb3 50.Qe5+ Kg8
51.Qg5+ Kf8  1/2-1/2

[Event "Bundesliga 9293"]
[Site "Germany"]
[Date "1993.??.??"]
[Round "?"]
[White "Gruenberg, Hans Ulrich"]
[Black "Stern, Rene"]
[Result "1/2-1/2"]
[WhiteElo "2495"]
[BlackElo "2375"]

1.d4 d5 2.Nf3 Nf6 3.c4 e6 4.Nc3 c6 5.e3 Be7 6.Bd3 O-O 7.O-O b6 8.e4 dxe4
9.Nxe4 Bb7 10.Qe2 c5 11.dxc5 bxc5 12.Rd1 Qc7 13.Bg5 Nbd7 14.Bh4 Qc6 15.Bc2 Rad8
16.Nc3 a6 17.Rd2 Ne5 18.Rxd8 Nxf3+ 19.Qxf3 Rxd8 20.Qxc6 Bxc6 21.Rd1 Rd4 22.Rxd4 cxd4
23.Ne4 Kf8 24.Nxf6 gxf6 25.Kf1 f5 26.Bxe7+ Kxe7 27.b4 Be4 28.Bxe4 fxe4 29.Ke2 e5
30.g4 f6 31.h4 h6 32.Kd2 Kd6 33.a3 Kc6 34.Ke2 Kd6 35.Kd2 Ke6 36.Ke2 Kd6 37.Kd2 Kc6
38.Ke1 Kd6 39.Kd1 Kc6 40.Kc2 Kd6 41.Kc1 Kc6 42.Kc2 Kd6 43.Kb3 Kc6  1/2-1/2

[Event "Bundesliga 9293"]
[Site "Germany"]
[Date "1993.??.??"]
[Round "?"]
[White "Hjartarson, Johann"]
[Black "Dobrovolsky, Ladislav"]
[Result "1-0"]
[WhiteElo "2625"]
[BlackElo "2405"]

1.d4 d5 2.c4 c6 3.Nc3 Nf6 4.e3 e6 5.Nf3 Nbd7 6.Bd3 Bd6 7.O-O O-O 8.e4 dxe4
9.Nxe4 Nxe4 10.Bxe4 h6 11.Bc2 e5 12.Re1 exd4 13.Qxd4 Nf6 14.Rd1 Be7 15.Qh4 Qa5
16.h3 Qh5 17.Qf4 Re8 18.Bd2 Be6 19.Bc3 Rad8 20.b3 Nh7 21.Rxd8 Rxd8 22.Re1 Ng5
23.Nxg5 Qxg5 24.Qe4 Bf6 25.h4 Qxh4 26.Qh7+ Kf8 27.Bb4+ Ke8 28.Bf5 Kd7 29.Bxe6+ fxe6
30.Qg6 Kc8 31.Rxe6 Qd4 32.Re1 Kb8 33.Qf5 Ka8 34.Qf3 a6 35.Ba5 Rf8 36.Rd1 Qc5
37.Bc7 Bd4 38.Qg4 Bxf2+ 39.Kh1 Qe7 40.Bd6 Qf7 41.Bxf8 Qxf8  1-0

[Event "Bundesliga 9293"]
[Site "Germany"]
[Date "1993.??.??"]
[Round "?"]
[White "Krasenkow, Michal"]
[Black "Pekarek, Ales"]
[Result "1-0"]
[WhiteElo "2560"]
[BlackElo "2440"]

1.d4 d5 2.c4 c6 3.Nc3 e6 4.Nf3 Nf6 5.e3 Nbd7 6.Qc2 Bd6 7.g4 Bb4 8.Bd2 a5
9.g5 Bxc3 10.Bxc3 Ne4 11.Rg1 Qe7 12.Bd3 Nxc3 13.Qxc3 Qb4 14.Ke2 Qxc3 15.bxc3 dxc4
16.Bxc4 Ke7 17.a4 b6 18.Rab1 Ba6 19.Bxa6 Rxa6 20.Rb3 Rf8 21.Ne5 Nxe5 22.dxe5 f6
23.gxf6+ gxf6 24.exf6+ Kxf6 25.c4 Rb8 26.e4 Ke5 27.Ke3 Ra7 28.Rd3 Kf6 29.f4 b5
30.e5+ Kf7 31.Rd2 bxa4 32.Rdg2 Rb3+ 33.Ke4 Re7 34.Rg8  1-0

[Event "Bundesliga 9293"]
[Site "Germany"]
[Date "1993.??.??"]
[Round "?"]
[White "Lingnau, Carsten"]
[Black "Knaak, Rainer"]
[Result "0-1"]
[WhiteElo "2340"]
[BlackElo "2525"]

1.d4 e6 2.c4 d5 3.Nf3 c6 4.e3 Nf6 5.Nc3 Nbd7 6.Qc2 Bd6 7.Be2 O-O 8.O-O dxc4
9.Bxc4 b5 10.Be2 Bb7 11.Rd1 Qb8 12.e4 e5 13.dxe5 Nxe5 14.Nd4 Ng6 15.g3 Re8
16.Nf5 Bf8 17.Bg5 Qe5 18.Bf3 h6 19.Bxf6 Qxf6 20.Bg2 Ne5 21.f4 Ng4 22.e5 Qg6
23.Ne4 Qxf5 24.Nf6+ gxf6 25.Qxf5 Bc5+ 26.Kh1 Nf2+ 27.Kg1 Nxd1+ 28.Kh1 Nf2+
29.Kg1 Rad8 30.exf6 Rd5 31.Bxd5 Nd1+ 32.Kh1 Re1+ 33.Kg2 Ne3+ 34.Kf3 Nxf5
35.Rxe1 cxd5 36.Re8+ Kh7  0-1

[Event "Bundesliga 9293"]
[Site "Germany"]
[Date "1993.??.??"]
[Round "?"]
[White "Lobron, Eric"]
[Black "Dobrovolsky, Ladislav"]
[Result "1-0"]
[WhiteElo "2625"]
[BlackElo "2390"]

1.d4 d5 2.c4 c6 3.Nc3 Nf6 4.Nf3 e6 5.e3 Nbd7 6.Bd3 Bd6 7.O-O O-O 8.e4 dxe4
9.Nxe4 Nxe4 10.Bxe4 h6 11.Bc2 e5 12.Qd3 f5 13.c5 Bc7 14.Qc4+ Kh8 15.g3 exd4
16.Re1 Qf6 17.Nh4 Ne5 18.Qxd4 Qxh4 19.Qxe5 Bxe5 20.gxh4 Bf6 21.Bf4 Bxh4 22.Rad1 Bf6
23.Bd6 Rd8 24.f4 Bxb2 25.Be5 Rxd1 26.Rxd1 Bxe5 27.Rd8+ Kh7 28.fxe5 Kg6 29.Rf8  1-0

[Event "Bundesliga 9293"]
[Site "Germany"]
[Date "1993.??.??"]
[Round "?"]
[White "Messmer, Martin"]
[Black "Knaak, Rainer"]
[Result "0-1"]
[WhiteElo "2340"]
[BlackElo "2525"]

1.d4 e6 2.c4 d5 3.Nf3 Nf6 4.Nc3 c6 5.e3 Nbd7 6.Qc2 Bd6 7.Bd2 O-O 8.O-O-O Re8
9.Kb1 e5 10.cxd5 cxd5 11.Nb5 Bb8 12.dxe5 Nxe5 13.Nxe5 Bxe5 14.Bc3 Bd7 15.Bxe5 Rxe5
16.Nc3 Rc8 17.Qd2 Bf5+ 18.Bd3 Qd7 19.h3 b5 20.g4 Bxd3+ 21.Qxd3 b4 22.Ne2 Ne4
23.Rhf1 h6 24.f3 Nc5 25.Qd4 Ree8 26.Nf4 b3 27.Nh5 bxa2+ 28.Kxa2 Qa4+ 29.Qxa4 Nxa4
30.Rxd5 Rb8 31.Ra5 Nxb2 32.Rb1 Nc4 33.Rxb8 Rxb8 34.Rxa7 Nxe3 35.Ng3 Nd5 36.Ne4 Nf4
37.h4 Ng6 38.h5 Ne5 39.Ra3 Rf8 40.Nd6 Rd8 41.Ne4 Re8 42.Nd6 Rd8 43.Ne4 Rd4
44.g5 hxg5 45.Nxg5 Nc6 46.Kb2 Rd5 47.Ra8+ Nd8 48.f4 Kf8 49.Ra7 Rf5 50.Ra4 f6
51.Ra8 fxg5 52.fxg5 Rd5 53.h6 g6 54.Kc3 Kg8 55.Kc4 Rd7 56.Ra5 Kh7 57.Re5 Nf7
58.Ra5 Nxg5 59.Rxg5 Kxh6 60.Ra5 g5 61.Ra8 g4 62.Rg8 Kh5 63.Rh8+ Kg5 64.Rg8+ Kf4
65.Rf8+ Ke3  0-1

[Event "Bundesliga 9293"]
[Site "Germany"]
[Date "1993.??.??"]
[Round "?"]
[White "Michaelsen, Nils"]
[Black "Knaak, Rainer"]
[Result "0-1"]
[WhiteElo "2405"]
[BlackElo "2525"]

1.d4 e6 2.c4 d5 3.Nf3 c6 4.e3 Nf6 5.Nc3 Nbd7 6.Qc2 Bd6 7.g4 dxc4 8.Bxc4 b5
9.Be2 Bb7 10.g5 Nd5 11.Ne4 Be7 12.Bd2 Rc8 13.Rc1 c5 14.dxc5 Nxc5 15.Nxc5 Rxc5
16.Qb3 Rxc1+ 17.Bxc1 O-O 18.Rg1 Qc7 19.Bd2 Nb4 20.a3 Bd5 21.Qc3 Nc6 22.Rg4 e5
23.h4 Rc8 24.b4 Qb8 25.Qb2 Be6 26.Rg3 Bd6 27.Rg1 e4 28.Nd4 Be5 29.Nxc6 Rxc6
30.Qb1 Bd5 31.h5 a6 32.Rg4 Qc8 33.Kf1 Rc2 34.Qd1 Qc6 35.Kg2 Ra2 36.Be1 Ra1
37.Qd2 Ra2 38.Qd1 Qe6 39.Rh4 Ra1 40.Qd2 Ra2 41.Qd1 f5 42.gxf6 Bxf6 43.Rf4 Rxa3
44.Bg4 Qc6 45.Bf5 Ra1 46.Qd2 Qc4 47.Rg4 Qd3 48.h6 Rd1  0-1

[Event "Bundesliga 9293"]
[Site "Germany"]
[Date "1993.??.??"]
[Round "?"]
[White "Pohl Kuemmel, Jens Uwe"]
[Black "Dobrovolsky, Ladislav"]
[Result "1-0"]
[WhiteElo "2320"]
[BlackElo "2405"]

1.d4 d5 2.c4 c6 3.Nf3 Nf6 4.Nc3 e6 5.e3 Nbd7 6.Qc2 Bd6 7.Be2 O-O 8.O-O dxc4
9.Bxc4 Qe7 10.a3 e5 11.Ba2 e4 12.Ng5 Bxh2+ 13.Kxh2 Ng4+ 14.Kg1 Qxg5 15.Qxe4 Ndf6
16.Qf4 Qxf4 17.exf4 Be6 18.f3 Nh6 19.g4 Bxa2 20.Rxa2 Nd5 21.f5 f6 22.Nxd5 cxd5
23.Bxh6 gxh6 24.Raa1 Rac8 25.Rac1 h5 26.Rc5 hxg4 27.fxg4 Rfe8 28.Rf4 Re1+
29.Kg2 Rxc5 30.dxc5 Re2+ 31.Rf2 Re4 32.Rd2 Rxg4+ 33.Kf3 Rh4 34.Rxd5 Rh3+
35.Ke4 Rb3 36.Rd2 h5 37.Kd5 h4 38.Rd4 Rxb2 39.Rxh4 Kg7 40.Rb4 Rd2+ 41.Ke6 Re2+
42.Kd6 Rd2+ 43.Kc7 Ra2 44.Kxb7 Rxa3 45.c6  1-0

[Event "Bundesliga 9293"]
[Site "Germany"]
[Date "1993.??.??"]
[Round "?"]
[White "Thinius, Marco"]
[Black "Von Gleich, Alexander"]
[Result "1-0"]
[WhiteElo "2310"]
[BlackElo "2335"]

1.d4 Nf6 2.c4 e6 3.Nf3 d5 4.Nc3 c6 5.e3 Nbd7 6.Bd3 dxc4 7.Bxc4 b5 8.Bd3 Bb7
9.O-O b4 10.Ne4 Be7 11.Nxf6+ Nxf6 12.Qe2 O-O 13.e4 c5 14.dxc5 Nd7 15.c6 Bxc6
16.Be3 Qb8 17.Rac1 Bb7 18.Nd4 Rd8 19.Bb5 Bxe4 20.Nc6 Bxc6 21.Bxc6 Nf6 22.Bxa8 Qxa8
23.Bc5 Bxc5 24.Rxc5 Nd5 25.g3 h6 26.Rfc1 Qb8 27.Qe4 g6 28.h4 h5 29.Rc6 Ne7
30.Rc7 Nd5 31.R7c5 Kg7 32.R5c2 Kh7 33.Re2 Qb7 34.Qe5 Rd7 35.Rec2 Rd8 36.Rc6 Kg8
37.Rd6 Rf8 38.Qg5 Qb8 39.Rxe6 fxe6 40.Qxg6+ Kh8 41.Qh6+  1-0

[Event "Bundesliga 9293"]
[Site "Germany"]
[Date "1993.??.??"]
[Round "?"]
[White "Volke, Karsten"]
[Black "Thinius, Marco"]
[Result "1-0"]
[WhiteElo "2460"]
[BlackElo "2330"]

1.d4 d5 2.Nf3 Nf6 3.c4 c6 4.Nc3 e6 5.e3 Nbd7 6.Qc2 Bd6 7.b3 O-O 8.Be2 Re8
9.O-O Qe7 10.Bb2 b6 11.e4 dxe4 12.Nxe4 Nxe4 13.Qxe4 Bb7 14.Bd3 f5 15.Qe2 c5
16.dxc5 Nxc5 17.Ne5 Qc7 18.Bc2 Ne4 19.Nf3 Rad8 20.Rad1 Qc6 21.Qe3 Qc7 22.Qe2 Qe7
23.Qe3 e5 24.b4 f4 25.Qb3 Kh8 26.Rde1 Nf6 27.Nxe5 Qc7 28.Nf3 Bxf3 29.gxf3 Qf7
30.Qc3 Qh5 31.a3 Qh3 32.Rxe8+ Rxe8 33.Re1 Rxe1+ 34.Qxe1 Qxf3 35.Qd1 Qc6 36.Qd3 Qc7
37.Qf5 Kg8 38.Bd4 Qe7 39.c5 bxc5 40.bxc5 Bc7 41.Bb3+ Kf8 42.c6 Ke8 43.Qc8+ Bd8
44.Be6 Qxa3 45.Bxf6 Qc1+ 46.Kg2 f3+ 47.Kg3 Qg1+ 48.Kf4 g5+ 49.Ke3 Qc1+ 50.Kxf3 Qh1+
51.Kg3 Qg1+ 52.Kh3 Qf1+ 53.Kg4 Qg2+ 54.Kh5 Qf3+ 55.Kxg5 Qxf6+ 56.Kg4 Qh4+
57.Kf3 Qh5+ 58.Bg4 Qd5+ 59.Kg3 Qd3+ 60.Kg2 Qe4+ 61.Kg1 Qe1+ 62.Kg2 Qe4+ 63.Kg3 Qd3+
64.f3 Qd6+ 65.f4 Qd3+ 66.Bf3 Qg6+ 67.Kf2 Qc2+ 68.Ke3 Qc3+ 69.Ke4 Qc4+ 70.Ke3 Qc3+
71.Kf2 Qd2+ 72.Kf1 Qd3+ 73.Be2 Qd6 74.Qf5 Bb6 75.Bh5+ Kd8 76.Bf3 h6 77.Kg2 Be3
78.Kg3 Bd2 79.Kg4 a5 80.Qe4 Bb4 81.Qh7 Bd2 82.Qg8+ Ke7 83.Qc4 Qg6+ 84.Kh4 Be1+
85.Kh3 Qe6+ 86.Qxe6+ Kxe6 87.f5+ Kd6 88.Kg4 Bd2 89.f6 Bg5 90.f7 Be7 91.Kh5 a4
92.c7 Kxc7 93.Kxh6 Kd6 94.Bd1 Ke6 95.Kg6  1-0

[Event "Bundesliga 9293"]
[Site "Germany"]
[Date "1993.??.??"]
[Round "?"]
[White "Von Gleich, Alexander"]
[Black "Dermann, Guido"]
[Result "1-0"]
[WhiteElo "2350"]
[BlackElo "2330"]

1.Nf3 d5 2.c4 c6 3.e3 Nf6 4.Nc3 e6 5.d4 Be7 6.Bd3 O-O 7.O-O b6 8.e4 dxe4
9.Nxe4 Nbd7 10.Nxf6+ Bxf6 11.Qc2 g6 12.Bf4 Bb7 13.Be4 Re8 14.Rad1 Bg7 15.Ne5 Nxe5
16.dxe5 Qc7 17.Rd6 Rad8 18.Rfd1 Rxd6 19.exd6 Qd7 20.c5 f5 21.Bd3 e5 22.Bg5 Kh8
23.Bc4 b5 24.Bf7 Rf8 25.Qb3 Bc8 26.Be7 Re8 27.Bxe8 Qxe8 28.a4 a6 29.axb5 axb5
30.Ra1 e4 31.Ra8 Bd4 32.Qd1  1-0

[Event "Bundesliga 9293"]
[Site "Germany"]
[Date "1993.??.??"]
[Round "?"]
[White "Zysk, Robert"]
[Black "Chekhov, Valery A"]
[Result "0-1"]
[WhiteElo "2440"]
[BlackElo "2480"]

1.d4 d5 2.Nf3 Nf6 3.c4 e6 4.Nc3 c6 5.e3 Nbd7 6.Bd3 dxc4 7.Bxc4 b5 8.Be2 Bb7
9.O-O a6 10.e4 c5 11.e5 Nd5 12.a4 b4 13.Nxd5 Bxd5 14.Be3 Be7 15.dxc5 Nxc5
16.Nd2 O-O 17.Rc1 Rc8 18.Nc4 h6 19.a5 Bxc4 20.Qxd8 Rfxd8 21.Rxc4 Nb3 22.Bb6 Nd2
23.Rxc8 Rxc8 24.Bxa6 Rc2 25.Bd3 Rxb2 26.Rc1 Rb3 27.Bb5 Ra3 28.a6 b3 29.Bd4 g5
30.h4 Kg7 31.Rc7 Bd8 32.Rc8 Bb6 33.Bc3 Ne4 34.Bb4 b2 35.Bf8+ Kg6 36.Bxa3 b1=Q+  0-1

[Event "BL2-N9293"]
[Site "Germany"]
[Date "1993.??.??"]
[Round "?"]
[White "Preuschoff, Michael"]
[Black "Blatny, Pavel"]
[Result "0-1"]
[WhiteElo "2285"]
[BlackElo "2505"]

1.d4 Nf6 2.Nf3 d5 3.c4 c6 4.Nc3 e6 5.e3 Nbd7 6.Qc2 Bd6 7.Be2 O-O 8.O-O Re8
9.Rd1 Qe7 10.b3 b6 11.e4 Nxe4 12.Nxe4 dxe4 13.Qxe4 Bb7 14.Bf4 Rad8 15.Bxd6 Qxd6
16.Rd2 f5 17.Qc2 Nf6 18.c5 Qf4 19.b4 Re7 20.Qa4 e5 21.Rad1 e4 22.Ne5 e3 23.Qb3+ Nd5
24.fxe3 Qxe3+ 25.Kh1 Qxb3 26.axb3 Ne3 27.Bf3 Nxd1 28.Rxd1 bxc5 29.bxc5 Rxe5
30.dxe5 Rxd1+ 31.Bxd1 Kf7 32.g4 Ke6 33.gxf5+ Kxf5 34.Bc2+ Kxe5 35.Bxh7 Kd4
36.Kg2 Kxc5 37.Kf3 Kb4 38.Bg8 c5+ 39.Kf4 Ba6 40.h4 c4 41.bxc4 Bxc4 42.Bh7 a5
43.Bc2 Bb3 44.Bb1 a4 45.h5 a3 46.Kg5 Bf7  0-1